Geography Quiz

Random Geography or World Quiz
Score 0/8 Timer 02:00
14 Plays Today
% Correct
Bahamas
85%
New Zealand
80.7%
Nicaragua
78.8%
Panama
78%
Guyana
73.8%
Bahrain
68.6%
Barbados
65.5%
Burkina Faso
61.4%

You're not logged in!

Compare scores with friends on all Sporcle quizzes.
OR
Log In

Sporcle TV

Today on Sporcle TV


Watch our educational content, quiz creation guides, and fun videos on Sporcle TV.

Show Comments

Extras

Top Quizzes Today


Score Distribution

Paid Content

Your Account Isn't Verified!

In order to create a playlist on Sporcle, you need to verify the email address you used during registration. Go to your Sporcle Settings to finish the process.

Report this User

Report this user for behavior that violates our Community Guidelines.

Details: